000 00278nam a2200097 a 4500
005 20140414131953.0
008 090317s19uu xx 00 eng d
050 _aTR 428.1
_bV94 2007
245 _aVowel sounds Preschool 3:
_blong & short vowels, letters & sounds.
999 _c112844
_d112844